MARC details
| 000 -LEADER |
| fixed length control field |
04796cam a2200517 i 4500 |
| 001 - CONTROL NUMBER |
| control field |
18175466 |
| 003 - CONTROL NUMBER IDENTIFIER |
| control field |
OSt |
| 005 - DATE AND TIME OF LATEST TRANSACTION |
| control field |
20211104104815.0 |
| 006 - FIXED-LENGTH DATA ELEMENTS--ADDITIONAL MATERIAL CHARACTERISTICS |
| fixed length control field |
m |o d | |
| 007 - PHYSICAL DESCRIPTION FIXED FIELD--GENERAL INFORMATION |
| fixed length control field |
cr_||||||||||| |
| 008 - FIXED-LENGTH DATA ELEMENTS--GENERAL INFORMATION |
| fixed length control field |
140603s2015 cau ob 001 0 eng |
| 010 ## - LIBRARY OF CONGRESS CONTROL NUMBER |
| LC control number |
2014021865 |
| 020 ## - INTERNATIONAL STANDARD BOOK NUMBER |
| Canceled/invalid ISBN |
9781118439050 (hardback) |
| 040 ## - CATALOGING SOURCE |
| Original cataloging agency |
DLC |
| Language of cataloging |
eng |
| Description conventions |
rda |
| Transcribing agency |
DLC |
| Modifying agency |
DLC |
| 042 ## - AUTHENTICATION CODE |
| Authentication code |
pcc |
| 050 00 - LIBRARY OF CONGRESS CALL NUMBER |
| Classification number |
HD58.9.P75 |
| 082 00 - DEWEY DECIMAL CLASSIFICATION NUMBER |
| Classification number |
658.4/013 |
| Edition number |
23 |
| 084 ## - OTHER CLASSIFICATION NUMBER |
| Classification number |
EDU011000 |
| Number source |
bisacsh |
| 100 1# - MAIN ENTRY--PERSONAL NAME |
| Personal name |
Poister, Theodore H. |
| 240 10 - UNIFORM TITLE |
| Uniform title |
Measuring performance in public and nonprofit organizations |
| 245 10 - TITLE STATEMENT |
| Title |
Managing and measuring performance in public and nonprofit organizations: an integrated approach. / |
| Statement of responsibility, etc. |
Theodore H. Poister, Maria P. Aristigueta, Jeremy L. Hall. |
| 250 ## - EDITION STATEMENT |
| Edition statement |
2nd ed. |
| 264 #1 - PRODUCTION, PUBLICATION, DISTRIBUTION, MANUFACTURE, AND COPYRIGHT NOTICE |
| Place of production, publication, distribution, manufacture |
San Francisco, CA: |
| Name of producer, publisher, distributor, manufacturer |
Jossey-Bass & Pffeifer Imprints, Wiley, |
| Date of production, publication, distribution, manufacture, or copyright notice |
2015. |
| 300 ## - PHYSICAL DESCRIPTION |
| Extent |
xvi, 463 p: |
| Other physical details |
ill.; |
| 336 ## - CONTENT TYPE |
| Content type term |
text |
| Source |
rdacontent |
| 337 ## - MEDIA TYPE |
| Media type term |
computer |
| Source |
rdamedia |
| 338 ## - CARRIER TYPE |
| Carrier type term |
online resource |
| Source |
rdacarrier |
| 500 ## - GENERAL NOTE |
| General note |
Revised edition of Poister's Measuring performance in public and nonprofit organizations. |
| 504 ## - BIBLIOGRAPHY, ETC. NOTE |
| Bibliography, etc. note |
Includes bibliographical references and index. |
| 505 ## - FORMATTED CONTENTS NOTE |
| Formatted contents note |
Contents: 1. Introduction to performance management: Introduction to performance management and measurement -- Developing effective performance management systems -- 2. Methodological elements of performance management: Developing a performance framework: program logic models and performance measures -- Targeting results: clarifying goals and objectives -- Defining performance indicators -- Reporting performance data -- Analyzing performance information -- 3. Strategic applications of performance management principles: Using performance measures to support strategic planning and management -- Performance-informed budgeting -- Managing employees, programs, and organizational units -- Performance management in grant and contract programs -- Improving quality and process -- Soliciting stakeholder feedback -- Using comparative measures to benchmark performance -- 4. Design and implementation of performance management processes: Designing and implementing effective management systems -- |
| 520 ## - SUMMARY, ETC. |
| Summary, etc. |
"New edition of a classic guide to ensuring effective organizational performanceThoroughly revised and updated, the second edition of Managing and Measuring Performance in Public and Nonprofit Organizations is a comprehensive resource for designing and implementing effective performance management and measurement systems in public and nonprofit organizations. The ideas, tools, and processes in this vital resource are designed to help organizations develop measurement systems to support such effective management approaches as strategic management, results-based budgeting, performance management, process improvement, performance contracting, and much more.The book will help readers identify outcomes and other performance criteria to be measured, tie measures to goals and objectives, define and evaluate the worth of desired performance measures, and analyze, process, report, and utilize data effectively. Includes significant updates that offer a more integrated approach to performance management and measurement Offers a detailed framework and instructions for developing and implementing performance management systems Shows how to apply the most effective performance management principles Reveals how to overcome the barriers to effective performance management Managing and Measuring Performance in Public and Nonprofit Organizations identifies common methodological and managerial problems that often confront managers in developing performance measurement systems, and presents a number of targeted strategies for the successful implementation of such systems in public and nonprofit organizations. This must-have resource will help leaders reach their organizational goals and objectives"-- |
| Assigning source |
Provided by publisher. |
| 588 ## - SOURCE OF DESCRIPTION NOTE |
| Source of description note |
Description based on print version record and CIP data provided by publisher. |
| 650 #0 - SUBJECT ADDED ENTRY--TOPICAL TERM |
| Topical term or geographic name entry element |
Organizational effectiveness |
| General subdivision |
Measurement. |
| 650 #0 - SUBJECT ADDED ENTRY--TOPICAL TERM |
| Topical term or geographic name entry element |
Organizational effectiveness |
| General subdivision |
Management. |
| 650 #0 - SUBJECT ADDED ENTRY--TOPICAL TERM |
| Topical term or geographic name entry element |
Nonprofit organizations. |
| 650 #0 - SUBJECT ADDED ENTRY--TOPICAL TERM |
| Topical term or geographic name entry element |
Public administration. |
| 650 #0 - SUBJECT ADDED ENTRY--TOPICAL TERM |
| Topical term or geographic name entry element |
Performance |
| General subdivision |
Measurement. |
| 650 #0 - SUBJECT ADDED ENTRY--TOPICAL TERM |
| Topical term or geographic name entry element |
Performance |
| General subdivision |
Management |
| 650 #7 - SUBJECT ADDED ENTRY--TOPICAL TERM |
| Topical term or geographic name entry element |
EDUCATION / Evaluation. |
| Source of heading or term |
bisacsh |
| 700 1# - ADDED ENTRY--PERSONAL NAME |
| Personal name |
Aristigueta, Maria Pilar, |
| 700 1# - ADDED ENTRY--PERSONAL NAME |
| Fuller form of name |
Hall, Jeremy L. |
| 776 08 - ADDITIONAL PHYSICAL FORM ENTRY |
| Relationship information |
Print version: |
| Main entry heading |
Poister, Theodore H. |
| Title |
Managing and measuring performance in public and nonprofit organizations |
| Edition |
Second edition. |
| Place, publisher, and date of publication |
San Francisco, CA : Jossey-Bass & Pffeifer Imprints, Wiley, [2015] |
| International Standard Book Number |
9781118439050 |
| Record control number |
(DLC) 2014021079 |
| 906 ## - LOCAL DATA ELEMENT F, LDF (RLIN) |
| a |
7 |
| b |
cbc |
| c |
origcop |
| d |
1 |
| e |
ecip |
| f |
20 |
| g |
y-gencatlg |
| 942 ## - ADDED ENTRY ELEMENTS (KOHA) |
| Source of classification or shelving scheme |
Library of Congress Classification |
| Koha item type |
Books |